000 00643nam a2200229Ia 4500
003 OSt
005 20220923213253.0
006 a|||||r|||| 00| 0
007 ta
008 220922b |||||||| |||| 00| 0 hin d
024 _a160,331
037 _cTextual
040 _aARTS
_cARTS
_bhin
041 _2hin
_ahin
082 _aO152:1:9N2, J0(TPH)
100 _aगुलाबराय
_9156277
245 0 _aहिन्दी-काव्य-विमर्श
246 _aHindī-kāvya-vimarsha
260 _c1950
942 _hO152:1:9N2, J0(TPH)
_cTEXL
_2CC
999 _c315078
_d315078